Antropología jurídica

Gardado en:
Detalles Bibliográficos
Autor Principal: Zárraga Olavarría, Carlos (Author)
Formato: Libro
Idioma:Lingua castelá
Publicado: Santiago Jurídica ConoSur 1993
Subjects:
Tags: Engadir etiqueta
Sen Etiquetas, Sexa o primeiro en etiquetar este rexistro!

MARC

LEADER 00000nam a2200000 a 4500
001 UCL9254
003 CL-VaPUC
008 040730e19930000CL |||||||||||||||||spa|d
082 0 4 |a 340.1  |b ZAR  |2 21 
100 0 |a Zárraga Olavarría, Carlos  |e author  |9 487064 
245 1 0 |a Antropología jurídica 
300 |a 164 p 
942 |c BK 
945 |d 20040730 00:00:00  |a cmena 
260 |a Santiago  |b Jurídica ConoSur  |c 1993 
650 0 |a Filosofía del derecho   |9 255050 
650 0 |a Antropología filosófica  |9 265842 
650 0 |a Ética  |9 255099 
650 0 |a Naturaleza humana   |9 308593 
650 0 |a Pena de muerte  |9 256612 
583 |a last modification  |c 20040730 00:00:00  |k Rodrigo Vera 
999 |c 310118  |d 310116 
952 |0 0  |1 0  |4 0  |6 340_100000000000000_ZAR_1993  |7 0  |8 DER_TF  |9 378258  |a BIBDER  |b BIBDER  |d 2019-11-21  |i 3301001  |o 340.1 ZAR 1993  |p 3301001  |r 2019-11-21  |w 2019-11-21  |x Ubicación 4to Piso  |y BK  |z Estos recursos deben solicitarse con anticipación  |k DER 
952 |0 0  |1 0  |4 0  |6 340_100000000000000_ZAR_1993  |7 0  |8 A  |9 378259  |a BIBDER  |b BIBDER  |d 2019-11-21  |i 4041720  |o 340.1 ZAR 1993  |p 4041720  |r 2023-01-25  |w 2019-11-21  |y BK  |k DER